Loading...
| Arts - Music | 7 | 12.86 | 100% | 29% | 0% |
| Arts - Other Arts | 6 | 16.67 | 83% | 67% | 17% |
| Arts - Painting | 5 | 22.00 | 100% | 60% | 60% |
| History - American | 1 | 20.00 | 100% | 100% | 0% |
| History - American History | 4 | 17.50 | 100% | 50% | 25% |
| History - European | 5 | 20.00 | 100% | 80% | 20% |
| History - Other History | 5 | 20.00 | 100% | 80% | 20% |
| History - World | 1 | 20.00 | 100% | 100% | 0% |
| History - World History | 5 | 20.00 | 100% | 60% | 40% |
| Literature - American Lit | 2 | 15.00 | 50% | 50% | 50% |
| Literature - British Lit | 7 | 14.29 | 86% | 57% | 0% |
| Literature - European Lit | 3 | 13.33 | 100% | 33% | 0% |
| Literature - World | 1 | 20.00 | 100% | 100% | 0% |
| Literature - World Lit | 5 | 22.00 | 100% | 80% | 40% |
| Mythology | 3 | 13.33 | 100% | 33% | 0% |
| Other - Geo/CE | 3 | 13.33 | 100% | 33% | 0% |
| Other Academic | 8 | 13.75 | 75% | 38% | 25% |
| Pop Culture | 8 | 16.25 | 88% | 63% | 13% |
| Religion | 5 | 24.00 | 100% | 100% | 40% |
| Science - Biology | 3 | 6.67 | 67% | 0% | 0% |
| Science - Chemistry | 2 | 10.00 | 100% | 0% | 0% |
| Science - Other Science | 6 | 10.00 | 83% | 17% | 0% |
| Science - Physics | 5 | 14.00 | 100% | 40% | 0% |
| Thought - Philosophy | 6 | 18.33 | 100% | 83% | 0% |
| Thought - Social Science | 7 | 15.71 | 86% | 71% | 0% |